1119 1379 1766 1327 1716 1063 1484 1564 1293 1279 1274 1327 1068 1020 1103 1136 1434 1991 1522 1007 1450 1235 1599 1315 1395 1054 1290 1773 1641 1293 1574 1968 1946 1208 1275 1707 1286 1660 1741 1778 1570 1805 1213 1218 1371 1600 1941 1953 1525 1354 1376 1526 1003 1548 1160 1880 1157 1590 1262 1226 1319 1578 1392 1147 1692 1718 1563 1730 1430 1310 1602 1321 1875 1130 1719 1771 1181 1299 1880 1491 1948 1639 1452 1075 1645 1472 1576 1006 1704 1588 1492 1461 1707 1247 1205 1158 1947 1663 1164 BCNSPRNW ULIB Ver.6.0+V

เปลี่ยนเป็นภาษาไทย

Change to English
 แสดงรายละเอียดบรรณานุกรม
  กลับหน้าหลัก

Brief Record : Get Marc (ISO 2709) : E-mail record : QR code < ปิดหน้าต่าง
LEADER : 00000nam 2200000uu 4500
001    13399113065
003     ULIB
008    110922s2551||||th 000 0 tha d
020    9749106466
050 04 PE1130^bป179ค 2549
100 0  ประเพศ ไกรจันทร์
245 10 คู่มือการเรียน Tenses =^bHandbook of learning tenses /^cประเพศ ไกรจันทร์
246 31 Handbook of learning tenses
250    พิมพ์ครั้งที่ 5
260    กรุงเทพฯ :^bพี. เอส. เพรส,^c2551
300    178 หน้า ;^c27 ซม
650  7 ภาษาอังกฤษ^xกาล (ไวยากรณ์)
650  7 ภาษาอังกฤษ^xไวยากรณ์
945    ^p140^l0^i021482
945    ^p140^l0^i021483
995    ทศพร
999 ^a ทศพร
รายการนี้ยังไม่มีแท็ก
คุณยังไม่ได้ล็อกอิน คุณสามารถมีกิจกรรมร่วมกับเว็บไซต์ได้ แต่ต้องล็อกอินก่อน ::
  ล็อกอิน

รายการสื่อสารสนเทศ

ลำดับที่ ประเภท เลขเรียก/บาร์โค้ด สถานที่ สถานะ
- ไม่พบข้อมูล -

รายการใกล้เคียง
    ผู้แต่ง [ประเพศ ไกรจันทร์]

BibComment


ยังไม่เคยถูกคอมเมนท์

คอมเมนท์ทรัพยากรรายการนี้
  คอมเมนท์: คู่มือการเรียน Te..


 Copyright 2026. Bcnsprnw @Library